Góp phần phê phán điện ảnh thực dân mới
Saved in:
| Format: | Book |
|---|---|
| Language: | Undetermined |
| Published: |
Tp. HCM
Nxb. Tp. HCM
1983
|
| Subjects: | |
| Tags: |
Add Tag
No Tags, Be the first to tag this record!
|
| Institutions: | Trung tâm Học liệu Trường Đại học Cần Thơ |
|---|
| LEADER | 00445nam a2200157Ia 4500 | ||
|---|---|---|---|
| 001 | CTU_9841 | ||
| 008 | 210402s9999 xx 000 0 und d | ||
| 082 | |a 791.437 | ||
| 082 | |b G434 | ||
| 245 | 0 | |a Góp phần phê phán điện ảnh thực dân mới | |
| 260 | |a Tp. HCM | ||
| 260 | |b Nxb. Tp. HCM | ||
| 260 | |c 1983 | ||
| 650 | |a film criticism | ||
| 904 | |i Minh, 961001 | ||
| 980 | |a Trung tâm Học liệu Trường Đại học Cần Thơ | ||